Environmental Health Perspectives (Record no. 34324)

MARC details
000 -LEADER
fixed length control field 00691nai a2200205Ia 4500
003 - CONTROL NUMBER IDENTIFIER
control field IN-BaIIA
008 - FIXED-LENGTH DATA ELEMENTS--GENERAL INFORMATION
fixed length control field 211028c9999 xx s 000 0 eng d
022 ## - INTERNATIONAL STANDARD SERIAL NUMBER
International Standard Serial Number 00916765 (Print)
022 ## - INTERNATIONAL STANDARD SERIAL NUMBER
International Standard Serial Number 15529924 (Online)
040 ## - CATALOGING SOURCE
Transcribing agency IIA Library
245 #0 - TITLE STATEMENT
Title Environmental Health Perspectives
Medium [eJournal]
260 ## - PUBLICATION, DISTRIBUTION, ETC.
Place of publication, distribution, etc. North Carolina, USA
Name of publisher, distributor, etc. The National Institute of Environmental Health Sciences
310 ## - CURRENT PUBLICATION FREQUENCY
Current publication frequency Monthly
362 ## - DATES OF PUBLICATION AND/OR SEQUENTIAL DESIGNATION
Dates of publication and/or sequential designation 1(1); 1972 - 120(12); 2012
521 ## - TARGET AUDIENCE NOTE
Source Subscribed through IIA Library
650 ## - SUBJECT ADDED ENTRY--TOPICAL TERM
Topical term or geographic name entry element Medicine & Allied Health
9 (RLIN) 48815
650 ## - SUBJECT ADDED ENTRY--TOPICAL TERM
Topical term or geographic name entry element Health Sciences
9 (RLIN) 48816
856 ## - ELECTRONIC LOCATION AND ACCESS
Uniform Resource Identifier <a href="https://www.jstor.org/journal/envihealpers">https://www.jstor.org/journal/envihealpers</a>
Link text Click Here to Access eJournal
942 ## - ADDED ENTRY ELEMENTS (KOHA)
Koha item type eJournals
Holdings
Withdrawn status Lost status Damaged status Not for loan Home library Current library Date acquired Source of acquisition Serial Enumeration / chronology Total Checkouts Barcode Date last seen Uniform Resource Identifier Price effective from Koha item type
        IIA Library-Bangalore IIA Library-Bangalore 01/09/2005 JSTOR 1(1); 1972 - 120(12); 2012   EJ408 05/11/2021 https://www.jstor.org/journal/envihealpers 05/11/2021 eJournals

Powered by Koha